Cars That Start With S - Statistics

General Stats
  • This quiz has been taken 113 times
    104 since last reset
  • The average score is 7 of 11
Answer Stats
Picture Answer % Correct
Subaru
97%
Suzuki
97%
Skoda
94%
Seat
92%
Saab
66%
Shelby
60%
Smart
55%
Scion
48%
Saturn
40%
Spada Codacontra
11%
Studebaker
9%
No matching quizzes found
Score Distribution
Percent of People with Each Score
Percentile by Number Answered
Your Score History
You have not taken this quiz since the last reset